000 00776nam a2200289Ia 4500
005 20260324121648.0
008 008 260324s9999 xx 000 0 eng d
020 _a9780203093610
037 _aEBOOK
040 _aCRL
040 _beng
040 _cCRL
041 _2eng
041 _aeng
084 _qCRL
100 _aPenny Harvey; Eleanor Casella; Gillian Evans; Hannah Knox; Christine McLean; Elizabeth B. Silva; Nicholas Thoburn; Kath Woodward
_91163384
245 0 _aObjects and Materials
245 2 _bA Routledge Companion
260 _bTaylor and Francis
260 _c2014
365 _a
365 _b350
856 _uhttp://www.taylorfrancis.com/books/9780203093610
942 _cEBOOK
999 _c1755634
_d1755634